সাম্প্রদায়কতা দুর্বিনীত উত্তরাধিকার / (Record no. 18284)

MARC details
000 -LEADER
fixed length control field 00990nam a22002177a 4500
003 - CONTROL NUMBER IDENTIFIER
control field BDDh-ASL
005 - DATE AND TIME OF LATEST TRANSACTION
control field 20231015025711.0
008 - FIXED-LENGTH DATA ELEMENTS--GENERAL INFORMATION
fixed length control field 200926b2001 ||||| b||| 001 0 d
020 ## - INTERNATIONAL STANDARD BOOK NUMBER
International Standard Book Number 9843105877
040 ## - CATALOGING SOURCE
Original cataloging agency BDDh-ASL
Transcribing agency BDDh-ASL
Modifying agency BDDh-ASL
041 ## - LANGUAGE CODE
Language code of text/sound track or separate title bengali
082 ## - DEWEY DECIMAL CLASSIFICATION NUMBER
Classification number 320.532
Item number BAS
100 1# - MAIN ENTRY--PERSONAL NAME
Personal name বদিউজ্জামান
Titles and words associated with a name ড.
9 (RLIN) 1119
245 1# - TITLE STATEMENT
Title সাম্প্রদায়কতা দুর্বিনীত উত্তরাধিকার /
Statement of responsibility, etc. বদিউজ্জামান।
246 ## - VARYING FORM OF TITLE
Title proper/short title Samprodaikata Durbinita Uttaradhikare.
260 ## - PUBLICATION, DISTRIBUTION, ETC.
Place of publication, distribution, etc. ঢাকা:
Name of publisher, distributor, etc. সেন্টার ফর বাংলাদেশ স্টাডিজ,
Date of publication, distribution, etc. ২০০১।
300 ## - PHYSICAL DESCRIPTION
Extent ২২৪ পৃষ্ঠা:
Dimensions ২২ সে. মি.।
504 ## - BIBLIOGRAPHY, ETC. NOTE
Bibliography, etc. note গ্রন্থপঞ্জি ও নির্ঘন্ট সংযুক্ত।
650 #0 - SUBJECT ADDED ENTRY--TOPICAL TERM
9 (RLIN) 1121
Topical term or geographic name entry element রাজনীতি
General subdivision সাম্প্রদায়িকতা
942 ## - ADDED ENTRY ELEMENTS (KOHA)
Source of classification or shelving scheme Dewey Decimal Classification
Koha item type Books
Holdings
Withdrawn status Lost status Source of classification or shelving scheme Damaged status Not for loan Collection code Home library Current library Shelving location Date acquired Source of acquisition Total Checkouts Full call number Barcode Date last seen Copy number Price effective from Koha item type
    Dewey Decimal Classification     Non-fiction Asiatic Society Library Asiatic Society Library General Stacks 09/26/2020 ASB Collection   320.532 BAS 101461 09/26/2020 C-1 09/26/2020 Books
    Dewey Decimal Classification     Non-fiction Asiatic Society Library Asiatic Society Library General Stacks 09/26/2020 ASB Collection   320.532 BAS 101462 09/26/2020 C-2 09/26/2020 Books

Powered by Koha